000 00436nam a2200169Ia 4500
008 230524s9999 xx 000 0 und d
020 _a9788126514717
082 _a658.12
_bMON
100 _aDouglas C.Monigomery
245 0 _a"Introduction to Statistical Quality Control,"
250 _a4TH
260 _aNEW DELHI
_bJohn Wiley
_c2008
300 _aXIX;791
500 _aQuantity Number: 2
650 _aManagement
942 _cBK
999 _c46009
_d46009